| 000 | 01668nam a2200337Ia 4500 | ||
|---|---|---|---|
| 001 | ebr10103914 | ||
| 003 | CaPaEBR | ||
| 006 | m u | ||
| 007 | cr cn||||||||| | ||
| 008 | 051027s2005 pau sb 101 0 eng d | ||
| 010 | _z 2005055892 | ||
| 020 | _z9027247870 | ||
| 040 |
_aCaPaEBR _cCaPaEBR |
||
| 035 | _a(OCoLC)614832191 | ||
| 050 | 1 | 4 |
_aP367 _b.I49 2002eb |
| 082 | 0 | 4 |
_a417/.201 _222 |
| 111 | 2 |
_aInternational Conference on Methods in Dialectology _n(11th : _d2002 : _cUniversity of Joensuu) |
|
| 245 | 1 | 0 |
_aDialects across borders _h[electronic resource] : _bselected papers from the 11th International Conference on Methods in Dialectology (Methods XI), Joensuu, August 2002 / _cedited by Markku Filppula ... [et al.]. |
| 260 |
_aPhiladelphia, PA : _bJohn Benjamins, _c2005. |
||
| 300 | _axii, 291 p. | ||
| 490 | 1 |
_aAmsterdam studies in the theory and history of linguistic science. Series IV, Current issues in linguistic theory, _x0304-0763 ; _vv. 273 |
|
| 504 | _aIncludes bibliographical references and index. | ||
| 533 |
_aElectronic reproduction. _bPalo Alto, Calif. : _cebrary, _d2011. _nAvailable via World Wide Web. _nAccess may be limited to ebrary affiliated libraries. |
||
| 650 | 0 |
_aDialectology _xMethodology _vCongresses. |
|
| 650 | 0 | _aDialectology. | |
| 655 | 7 |
_aElectronic books. _2local |
|
| 700 | 1 | _aFilppula, Markku. | |
| 710 | 2 | _aebrary, Inc. | |
| 830 | 0 |
_aAmsterdam studies in the theory and history of linguistic science. _nSeries IV, _pCurrent issues in linguistic theory ; _vv. 273. |
|
| 856 | 4 | 0 |
_uhttp://site.ebrary.com/lib/rucke/Doc?id=10103914 _zAn electronic book accessible through the World Wide Web; click to view |
| 999 |
_c206523 _d206523 |
||